Green ratings to benefit all home buyers (Record no. 107661)

MARC details
000 -LEADER
fixed length control field 01394cad a22002415a 4500
001 - CONTROL NUMBER
control field L141432
008 - FIXED-LENGTH DATA ELEMENTS--GENERAL INFORMATION
fixed length control field 071123e20071122xxk f 000 0 eng d
035 ## - SYSTEM CONTROL NUMBER
System control number (Sirsi) u141432
041 0# - LANGUAGE CODE
Language code of text/sound track or separate title eng
050 04 - LIBRARY OF CONGRESS CALL NUMBER
Classification number 696.9 $2 18
110 1# - MAIN ENTRY--CORPORATE NAME
Corporate name or jurisdiction name as entry element United Kingdom
Subordinate unit Department for Communities and Local Government
9 (RLIN) 4939
245 00 - TITLE STATEMENT
Title Green ratings to benefit all home buyers
Medium [electronic resource]
260 ## - PUBLICATION, DISTRIBUTION, ETC.
Place of publication, distribution, etc. London
Name of publisher, distributor, etc. GNN
Date of publication, distribution, etc. 2007
520 ## - SUMMARY, ETC.
Summary, etc. Reports that the final stage of the introduction of Home Information Packs and Energy Performance Certificates is to take place on 14 December 2007. This will meet all criteria which had originally been planned for 11 June 2007. Buyers with low EPC ratings are receiving government help on energy efficiency measures. The housing minister reports that the gradual introduction has gone smoothly, with HIPs costing on average £300-£350 and taking 7-10 days to prepare.
590 ## - LOCAL NOTE (RLIN)
Local note KA NTK
650 24 - SUBJECT ADDED ENTRY--TOPICAL TERM
Topical term or geographic name entry element HOME INFORMATION PACKS
650 24 - SUBJECT ADDED ENTRY--TOPICAL TERM
Topical term or geographic name entry element ENERGY PERFORMANCE CERTIFICATES
650 24 - SUBJECT ADDED ENTRY--TOPICAL TERM
Topical term or geographic name entry element HOUSING ACT 2004 PART V
651 #4 - SUBJECT ADDED ENTRY--GEOGRAPHIC NAME
Geographic name United Kingdom
Chronological subdivision
690 ## - LOCAL SUBJECT ADDED ENTRY--TOPICAL TERM (OCLC, RLIN)
Topical term or geographic name as entry element PROPERTY-RESIDENTIAL PROPERTY-ACQUISITION AND DISPOSAL OF RESIDENTIAL PROPERTY-HOME BUYING REFORM
856 40 - ELECTRONIC LOCATION AND ACCESS
Uniform Resource Identifier <a href="https://webarchive.nationalarchives.gov.uk/20071204125945/http://www.communities.gov.uk/news/corporate/556730">https://webarchive.nationalarchives.gov.uk/20071204125945/http://www.communities.gov.uk/news/corporate/556730</a>
Public note View the item free of charge at nationalarchives.gov.uk
942 ## - ADDED ENTRY ELEMENTS (KOHA)
Suppress in OPAC 0
Holdings
Withdrawn status Lost status Source of classification or shelving scheme Damaged status Not for loan Home library Current library Shelving location Date acquired Total Checkouts Full call number Barcode Date last seen Copy number Price effective from Koha item type
    Dewey Decimal Classification     Virtual Virtual Online 23/11/2007   ONLINE PUBLICATION 141432-1001 06/08/2019 1 06/08/2019 Book